[Event "American Continental 09th"]
[Site "Cochabamba"]
[Date "2013.05.12"]
[Round "8"]
[White "Ruiz, Samuel"]
[Black "Monroy Garzon, Nataly Alejandra"]
[Result "0-1"]
[WhiteElo "1710"]
[BlackElo "1791"]
[PlyCount "76"]
[EventDate "2013.05.07"]
[EventType "swiss"]
[EventRounds "11"]
[EventCountry "BOL"]
[SourceTitle "CBM 154 Extra"]
[Source "ChessBase"]
[SourceDate "2013.06.25"]
[SourceVersion "2"]
[SourceVersionDate "2013.06.25"]
[SourceQuality "1"]

1. e4 Nf6 2. Nc3 d5 3. e5 d4 4. exf6 dxc3 5. bxc3 exf6 6. Nf3 Bd6 7. Bc4 0-0 8. 0-0 Be6 9. Bb3 c5 10. Bb2 c4 11. Re1 cxb3 12. cxb3 Nc6 13. d4 Bg4 14. h3 Bd7 15. Qc2 Qc8 16. c4 b6 17. Rad1 Bf5 18. Qc1 Ne7 19. d5 Ng6 20. Ba3 Bxa3 21. Qxa3 Bxh3 22. gxh3 Qxh3 23. Re3 Nf4 24. Ne1 Qg4+ 25. Kf1 Qxd1 26. Qd6 Qg4 27. Re4 Qh3+ 28. Kg1 Ng6 29. Qc6 Ne5 30. Qc7 Rac8 31. Qxa7 Ng4 32. Rxg4 Qxg4+ 33. Ng2 h5 34. Qxb6 h4 35. Kh2 Rce8 36. d6 h3 37. Ne3 Rxe3 38. Qxe3 Qg2# 0-1

[Event "American Continental 09th"]
[Site "Cochabamba"]
[Date "2013.05.10"]
[Round "5"]
[White "Arias, Juan Cruz"]
[Black "Ruiz, Samuel"]
[Result "1-0"]
[WhiteElo "1933"]
[BlackElo "1710"]
[PlyCount "67"]
[EventDate "2013.05.07"]
[EventType "swiss"]
[EventRounds "11"]
[EventCountry "BOL"]
[SourceTitle "CBM 154 Extra"]
[Source "ChessBase"]
[SourceDate "2013.06.25"]
[SourceVersion "2"]
[SourceVersionDate "2013.06.25"]
[SourceQuality "1"]

1. e4 c5 2. Nc3 d6 3. Bb5+ Bd7 4. Bxd7+ Nxd7 5. f4 g6 6. Nf3 Bg7 7. 0-0 e6 8. d3 Ne7 9. Qe1 0-0 10. Bd2 Nc6 11. f5 Nd4 12. fxe6 Nxe6 13. Qg3 Qb6 14. Rab1 c4+ 15. Kh1 cxd3 16. cxd3 Ne5 17. Nxe5 dxe5 18. Nd5 Qa6 19. Bb4 Rfd8 20. Be7 Rd7 21. Qh3 Qxa2 22. Bf6 Nf8 23. Qf3 Ne6 24. Bxg7 Kxg7 25. Qf6+ Kg8 26. Qxe5 Rdd8 27. Qf6 Ng7 28. Qxf7+ Kh8 29. Rbc1 Qxb2 30. Rc7 Rg8 31. Ne7 Rge8 32. Nd5 Rg8 33. Ne7 Rge8 34. Nc8 1-0

[Event "Fide Mercenarios 8th"]
[Site "Mexico City"]
[Date "1995.??.??"]
[Round "5"]
[White "Ruiz, Samuel"]
[Black "Recillas, Miguel Angel"]
[Result "1-0"]
[WhiteElo "2000"]
[BlackElo "2000"]
[PlyCount "59"]
[EventDate "1995.??.??"]
[EventType "tourn"]
[EventRounds "11"]
[EventCountry "MEX"]
[SourceTitle "EXT 2000"]
[Source "ChessBase"]
[SourceDate "1999.11.16"]
[SourceVersion "1"]
[SourceVersionDate "1999.11.16"]
[SourceQuality "1"]

1. g3 Nf6 2. Bg2 c5 3. d3 d5 4. Nf3 g6 5. 0-0 Bg7 6. Nbd2 Nc6 7. c3 Bg4 8. h3 Bxf3 9. Nxf3 0-0 10. Be3 d4 11. cxd4 cxd4 12. Bd2 e5 13. Qb3 Qd7 14. Rac1 Rfe8 15. Bg5 h6 16. Bxf6 Bxf6 17. Nd2 Bg5 18. Rc2 Bxd2 19. Rxd2 Rac8 20. Rc1 Na5 21. Qd1 Rxc1 22. Qxc1 Rc8 23. Rc2 Rxc2 24. Qxc2 Nc6 25. Qc5 Qc7 26. b4 Qb6 27. Qxb6 axb6 28. Bxc6 bxc6 29. a4 Kf8 30. a5 1-0